000 00701cam a22002413a 4500
001 23887
003 PGUSA
005 20140828083517.0
008 071217s2007||||xxu|||||s|||||000 | eng d
040 _aPGUSA
_beng
042 _adc
050 4 _aPZ
050 4 _aD
100 1 _aEggleston, George Cary,
_d1839-1911
245 1 0 _aStrange Stories from History for Young People
_h[electronic resource] /
_cGeorge Cary Eggleston
260 _bProject Gutenberg,
_c2007
506 _aPublic domain in the USA.
516 _aElectronic text
653 _aWorld history -- Juvenile literature
830 0 _aProject Gutenberg
_v23887
856 4 0 _uhttp://www.gutenberg.org/ebooks/23887
942 _cEB
999 _c253142
_d253142